000 00333nam a2200133Ia 4500
008 240624s9999 xx 000 0 und d
041 _aeng
082 _a828 PRI
100 _aPRICE MUNRO
245 _aNAPOLEON THE END OF GLORY
260 _c2014
_aNew Delhi
_bOxford India
300 _axx, : 324 : p. : cm. ; 24
365 _cRS
_b25
999 _c23864
_d23864